000 00326nam a22001457a 4500
003 SGT
020 _a978-1-78882-153-7
082 _a635
_bSTE
100 _aSTERENS, DONOVAN
245 _aBIOTECHNOLOGY OF HORTICULTURE OF CROPS
260 _aUK
_bETP PUB
_c2023
300 _a339
650 _aHORTICULTURE
942 _2ddc
_cBK
999 _c25785
_d25785